000
00285nam a22001217a 4500
040
_c
HS
082
_a
639
100
_a
HORVATH
245
_a
The artificial propagation of warm-water finfishes a manual for extension
260
_a
Rome
_b
HORVATH
_c
1980
300
_a
181p;
942
_c
EK
999
_c
10205
_d
10205